The energy cost of simulated rowing /

Bibliographic Details
Main Author: Roethle, Joseph M.
Format: Thesis Microform Book
Language:English
Published: [Place of publication not identified] : [publisher not identified] ; 1983.
Subjects:

MARC

Tag First Indicator Second Indicator Subfields
LEADER 00000cam a2200000 a 4500
001 in00000019358
005 20151007054241.0
007 he bmb|||||||
008 851102r19851983orua bb 00010 eng d
035 |a (OCoLC)12752723 
035 |9 AAB4453AM 
040 |a ORU  |c XBM  |d XBM  |d HPE  |d TXA  |d UtOrBLW 
049 |a TXAI 
099 |a fiche  |a C  |a 9253 
100 1 |a Roethle, Joseph M. 
245 1 4 |a The energy cost of simulated rowing /  |c by Joseph M. Roethle. 
264 1 |a [Place of publication not identified] :  |b [publisher not identified] ;  |c 1983. 
300 |a vi, 54 leaves :  |b illustrations 
336 |a text  |b txt  |2 rdacontent 
337 |a microform  |b h  |2 rdamedia 
338 |a microfiche  |b he  |2 rdacarrier 
502 |b M.S.  |c La Crosse  |d 1983. 
504 |a Bibliography: leaves 34-37. 
533 |a Microfiche.  |b Eugene :  |c Microform Publications, College of Human Development and Performance, University of Oregon,  |d 1985.  |e 1 microfiche : negative ; 11 x 15 cm. 
500 |a Microform. 
650 0 |a Rowing  |x Physiological aspects. 
650 0 |a Energy metabolism. 
999 |a MARS 
999 f f |s 70ac129f-a9b4-3c18-a80d-8ae0e21a85f9  |i d62f14a4-fdf7-3e93-8f35-7ba24f6adda6  |t 0 
952 f f |p normal  |a Texas A&M University  |b College Station  |c Sterling C. Evans Library  |d Evans: Microforms (3rd floor)  |t 0  |e fiche C 9253  |h Other scheme  |i microform -- microfiche  |m A14822855266 
998 f f |a fiche C 9253  |t 0  |l Evans: Microforms (3rd floor)